AutoCad 2025 instructor: (Record no. 3409)

MARC details
000 -LEADER
fixed length control field 00717nam a22002057a 4500
003 - CONTROL NUMBER IDENTIFIER
control field OSt
005 - DATE AND TIME OF LATEST TRANSACTION
control field 20260423015514.0
008 - FIXED-LENGTH DATA ELEMENTS--GENERAL INFORMATION
fixed length control field 250704b |||||||| |||| 00| 0 eng d
020 ## - INTERNATIONAL STANDARD BOOK NUMBER
International Standard Book Number 978-1-63057-649-3
040 ## - CATALOGING SOURCE
Original cataloging agency DWC-Main Lib
Transcribing agency OC
082 ## - DEWEY DECIMAL CLASSIFICATION NUMBER
Classification number Circ. 620.004 202 85 L816a 2024
100 ## - MAIN ENTRY--PERSONAL NAME
Personal name Lockhart, Shawna
245 ## - TITLE STATEMENT
Title AutoCad 2025 instructor:
Remainder of title a student guide for in-depth coverage of autocad's commands and features/
Statement of responsibility, etc. Shawna Lockhart & James Leach
260 ## - PUBLICATION, DISTRIBUTION, ETC.
Place of publication, distribution, etc. United States of America:
Name of publisher, distributor, etc. SCD Publications,
Date of publication, distribution, etc. c2024
300 ## - PHYSICAL DESCRIPTION
Extent xxii, 1235 pages:
Other physical details illustrations;
Dimensions 27 cm.
504 ## - BIBLIOGRAPHY, ETC. NOTE
Bibliography, etc. note Includes appendix and index.
650 ## - SUBJECT ADDED ENTRY--TOPICAL TERM
Topical term or geographic name entry element 1.AutoCad.
700 ## - ADDED ENTRY--PERSONAL NAME
Personal name Leach, James
942 ## - ADDED ENTRY ELEMENTS (KOHA)
Source of classification or shelving scheme Dewey Decimal Classification
Koha item type Book Circulation
Call number prefix Circ.
Suppress in OPAC No
952 ## - LOCATION AND ITEM INFORMATION (KOHA)
--
Holdings
Withdrawn status Lost status Source of classification or shelving scheme Damaged status Not for loan Home library Current library Shelving location Date acquired Source of acquisition Total Checkouts Full call number Barcode Date last seen Copy number Price effective from Koha item type Uniform Resource Identifier
    Dewey Decimal Classification     College Library College Library Circulation 03/24/2025 School Fund   Circ. 620.004 202 85 L816a 2024 CL54392 07/04/2025 c1 07/04/2025 BK-CIRC